000 00693nam a2200229Ia 4500
005 20250508163629.0
008 008 250505s9999 xx 000 0 eng d
020 _a0-02-395621-6
037 _aTextBook
040 _aFEDL
_beng
_cFEDL
041 _aeng
_2eng
084 _a153.8, PIN
_qFEDL
100 _aPintrich Paul R
_9775823
245 0 _aMotivation in education : Theory, research, and applications
260 _aNew Jersey, USA
_bPrentice Hall
_c1996
300 _axiv,434p
365 _aUSD
_b39.5
650 _aMotivation-Psychology; Motivation in Education
_9775824
700 _a Schunk Dale H
_9775825
942 _cTB
_h153.8, PIN
999 _c1384425
_d1384425